| 000 | 01049ngm a22003010a 4500 | ||
|---|---|---|---|
| 001 | PT47689 | ||
| 003 | AR-LpoUNG | ||
| 005 | 20210202000021.0 | ||
| 007 | vd cvaizq | ||
| 008 | 191001s2007||||ag |||||||||||||||||spa d | ||
| 037 | _c$2,50 | ||
| 040 |
_aAR-LpoUNG _bspa _cAR-LpoUNG _eaacr |
||
| 041 | _aspa | ||
| 044 | _aag | ||
| 082 | 0 | _a972.910 64 587hec | |
| 100 | 1 |
_aSilvestre, Carolina _edir. |
|
| 245 | 1 | 0 |
_aHechos no palabras : _blos derechos humanos en Cuba |
| 260 |
_aBuenos Aires : _bLatino, _c2007. |
||
| 300 | _aDVD (93 min.) : son., col. | ||
| 505 | 0 | _aInterpretes: Felipe Pérez Roque, Ricardo Alarcón, Fernando Rojas. Guión: Carolina Silvestre, Orestes Henández. Fotografía: Sergio Vidal | |
| 520 | _aUn film sobre el proceso político cubano y sus particularidades. Es un material sobre el ejercicio de una democracia diferente a la que tratan de imponer los grandes centros de poder. | ||
| 653 | _aCINE ARGENTINO | ||
| 653 | _aDOCUMENTALES | ||
| 653 | _aDVD | ||
| 653 | _aVIDEOS | ||
| 905 | _a47689 | ||
| 942 | _cDVD | ||
| 999 |
_c53966 _d53966 |
||